000 00483nam a2200157 4500
008 150917b xxu||||| |||| 00| 0 eng d
020 _a0030971772
050 _aPE 1112 .R56 1995
100 _aRinehart,Holt
_d1995
245 _aEnglish Workshop
_cHolt Rinehart, Winston
250 _a4th ed.
260 _aNew York:
_bHarcourt Brace & Company,
_c1995.
300 _avii, 328p.: ill.
_bIncludes Index.
700 _aWinston
942 _2lcc
_cBOOKS
_hPE 1112 .R56 1995
_02
999 _c5851
_d5851